000 00684nam a22002177a 4500
003 UA-OsUOA
001 127926
007 ta
008 20171218b un ||||| |||| 00| 0 ukr d
100 _aАндрієнко С.
090 _a82
_bА65
942 _cSA
040 _aUA-OsUOA
_bfre
_cUA-OsUOA
_dUA-OsUOA
245 _aІмператор залізних строф. Життя та творчість Євгена Маланюка
300 _aС.24-32
955 _a0
041 _afre
080 _a82
773 0 _w127924
_tУкраїнська мова та література
_dК.
_d2017
_g24
650 7 _a82 Література. Літературознавство
_2UDC
999 _c415164
_d415164